<?xml version="1.0" encoding="UTF-8"?>
<record
    xmlns:xsi="http://www.w3.org/2001/XMLSchema-instance"
    xsi:schemaLocation="http://www.loc.gov/MARC21/slim http://www.loc.gov/standards/marcxml/schema/MARC21slim.xsd"
    xmlns="http://www.loc.gov/MARC21/slim">

  <leader>01573nam a22002777a 4500</leader>
  <datafield tag="952" ind1=" " ind2=" ">
    <subfield code="0">0</subfield>
    <subfield code="1">0</subfield>
    <subfield code="2">lcc</subfield>
    <subfield code="4">0</subfield>
    <subfield code="7">0</subfield>
    <subfield code="a">11</subfield>
    <subfield code="b">11</subfield>
    <subfield code="d">2013-05-02</subfield>
    <subfield code="l">1</subfield>
    <subfield code="o">Z124 F7818 2007</subfield>
    <subfield code="p">11 010126</subfield>
    <subfield code="r">2014-09-10</subfield>
    <subfield code="s">2014-09-10</subfield>
    <subfield code="t">1</subfield>
    <subfield code="w">2013-05-02</subfield>
    <subfield code="y">LB</subfield>
  </datafield>
  <datafield tag="952" ind1=" " ind2=" ">
    <subfield code="0">0</subfield>
    <subfield code="1">0</subfield>
    <subfield code="2">lcc</subfield>
    <subfield code="4">0</subfield>
    <subfield code="7">0</subfield>
    <subfield code="a">11</subfield>
    <subfield code="b">11</subfield>
    <subfield code="d">2013-05-02</subfield>
    <subfield code="l">3</subfield>
    <subfield code="o">Z124 F7818 2007</subfield>
    <subfield code="p">11 010127</subfield>
    <subfield code="r">2019-12-17</subfield>
    <subfield code="s">2019-12-17</subfield>
    <subfield code="t">2</subfield>
    <subfield code="w">2013-05-02</subfield>
    <subfield code="y">LB</subfield>
  </datafield>
  <datafield tag="952" ind1=" " ind2=" ">
    <subfield code="0">0</subfield>
    <subfield code="1">0</subfield>
    <subfield code="2">lcc</subfield>
    <subfield code="4">0</subfield>
    <subfield code="7">0</subfield>
    <subfield code="a">11</subfield>
    <subfield code="b">11</subfield>
    <subfield code="d">2013-05-02</subfield>
    <subfield code="l">1</subfield>
    <subfield code="o">Z124 F7818 2007</subfield>
    <subfield code="p">11 010128</subfield>
    <subfield code="r">2025-04-03</subfield>
    <subfield code="s">2023-02-10</subfield>
    <subfield code="t">3</subfield>
    <subfield code="w">2013-05-02</subfield>
    <subfield code="y">LB</subfield>
  </datafield>
  <datafield tag="952" ind1=" " ind2=" ">
    <subfield code="0">0</subfield>
    <subfield code="1">0</subfield>
    <subfield code="2">lcc</subfield>
    <subfield code="4">0</subfield>
    <subfield code="7">0</subfield>
    <subfield code="a">07</subfield>
    <subfield code="b">07</subfield>
    <subfield code="d">2013-06-14</subfield>
    <subfield code="l">2</subfield>
    <subfield code="o">Z124 F78 2007</subfield>
    <subfield code="p">07 004044</subfield>
    <subfield code="r">2017-08-23</subfield>
    <subfield code="s">2017-08-23</subfield>
    <subfield code="t">1</subfield>
    <subfield code="w">2013-06-14</subfield>
    <subfield code="y">LB</subfield>
  </datafield>
  <datafield tag="952" ind1=" " ind2=" ">
    <subfield code="0">0</subfield>
    <subfield code="1">0</subfield>
    <subfield code="2">lcc</subfield>
    <subfield code="4">0</subfield>
    <subfield code="7">0</subfield>
    <subfield code="a">11</subfield>
    <subfield code="b">11</subfield>
    <subfield code="d">2013-08-12</subfield>
    <subfield code="l">4</subfield>
    <subfield code="o">Z124 F7818 2007</subfield>
    <subfield code="p">11 010302</subfield>
    <subfield code="r">2026-03-04</subfield>
    <subfield code="s">2024-11-08</subfield>
    <subfield code="t">4</subfield>
    <subfield code="w">2013-08-12</subfield>
    <subfield code="y">LB</subfield>
  </datafield>
  <datafield tag="952" ind1=" " ind2=" ">
    <subfield code="0">0</subfield>
    <subfield code="1">0</subfield>
    <subfield code="4">0</subfield>
    <subfield code="7">0</subfield>
    <subfield code="a">03</subfield>
    <subfield code="b">03</subfield>
    <subfield code="d">2014-04-26</subfield>
    <subfield code="l">2</subfield>
    <subfield code="o">Z124 F7818 2007</subfield>
    <subfield code="p">03 006601</subfield>
    <subfield code="r">2018-10-10</subfield>
    <subfield code="s">2018-10-10</subfield>
    <subfield code="t">1</subfield>
    <subfield code="w">2014-04-26</subfield>
    <subfield code="y">LB</subfield>
  </datafield>
  <datafield tag="952" ind1=" " ind2=" ">
    <subfield code="0">0</subfield>
    <subfield code="1">0</subfield>
    <subfield code="2">lcc</subfield>
    <subfield code="4">0</subfield>
    <subfield code="7">0</subfield>
    <subfield code="a">15</subfield>
    <subfield code="b">15</subfield>
    <subfield code="d">2013-06-12</subfield>
    <subfield code="l">4</subfield>
    <subfield code="o">686.22 F949t  2007</subfield>
    <subfield code="p">15 005897</subfield>
    <subfield code="r">2023-08-10</subfield>
    <subfield code="s">2023-08-10</subfield>
    <subfield code="t">1</subfield>
    <subfield code="w">2014-05-31</subfield>
    <subfield code="y">LB</subfield>
  </datafield>
  <datafield tag="952" ind1=" " ind2=" ">
    <subfield code="0">0</subfield>
    <subfield code="1">0</subfield>
    <subfield code="4">0</subfield>
    <subfield code="7">0</subfield>
    <subfield code="a">03</subfield>
    <subfield code="b">03</subfield>
    <subfield code="d">2014-09-25</subfield>
    <subfield code="l">1</subfield>
    <subfield code="o">Z124 F7818 2007</subfield>
    <subfield code="p">03 007123</subfield>
    <subfield code="r">2015-07-07</subfield>
    <subfield code="s">2015-07-07</subfield>
    <subfield code="t">2</subfield>
    <subfield code="w">2014-09-25</subfield>
    <subfield code="y">LB</subfield>
  </datafield>
  <datafield tag="999" ind1=" " ind2=" ">
    <subfield code="c">92551</subfield>
    <subfield code="d">92551</subfield>
  </datafield>
  <controlfield tag="008">130502s2007    sp a     s  sp spa  spa</controlfield>
  <datafield tag="020" ind1=" " ind2=" ">
    <subfield code="a">9788425221620</subfield>
  </datafield>
  <datafield tag="050" ind1=" " ind2=" ">
    <subfield code="a">Z124 </subfield>
    <subfield code="b">F7818 2007</subfield>
  </datafield>
  <datafield tag="082" ind1=" " ind2=" ">
    <subfield code="a">686.22</subfield>
    <subfield code="b">F949t 2007</subfield>
  </datafield>
  <datafield tag="100" ind1=" " ind2=" ">
    <subfield code="a">Frutiger, Adrian</subfield>
    <subfield code="e">autor</subfield>
  </datafield>
  <datafield tag="240" ind1=" " ind2=" ">
    <subfield code="a">Adrian Zimmermann Buch der Schriften</subfield>
    <subfield code="l">espa&#xF1;ol</subfield>
  </datafield>
  <datafield tag="245" ind1="1" ind2="3">
    <subfield code="a">El libro de la Tipograf&#xED;a</subfield>
    <subfield code="c"> / Adrian Frutiger ; traducci&#xF3;n Juaquin Chamorro </subfield>
  </datafield>
  <datafield tag="260" ind1=" " ind2=" ">
    <subfield code="a">Barcelona</subfield>
    <subfield code="b"> : Gustavo Gilli</subfield>
    <subfield code="c">, 2007</subfield>
  </datafield>
  <datafield tag="300" ind1=" " ind2=" ">
    <subfield code="a">271 p&#xE1;ginas</subfield>
    <subfield code="b"> : ilustraciones </subfield>
  </datafield>
  <datafield tag="336" ind1=" " ind2=" ">
    <subfield code="a">texto</subfield>
  </datafield>
  <datafield tag="337" ind1=" " ind2=" ">
    <subfield code="a">sin medio</subfield>
  </datafield>
  <datafield tag="338" ind1=" " ind2=" ">
    <subfield code="a">volumen</subfield>
  </datafield>
  <datafield tag="505" ind1=" " ind2=" ">
    <subfield code="a">En busca de una profesi&#xF3;n
El camino a Z&#xFA;rich
Walter K&#xE4;ch
Alfred Willimann
La evoluci&#xF3;n est&#xE9;tica
El renacimiento y el humanismo
La legibilidad de las tipograf&#xED;as
Al comienzo de la Edad moderna
Tipograf&#xED;a y vestimenta: una comparaci&#xF3;n
Un aspecto completamente nuevo
La &#xE9;poca del brillo
Avenir
Vectora
La evoluci&#xF3;n
La evoluci&#xF3;n de la formas
Escrituras de otras culturas
Signos y logos
El monograma
Identidades corporativas
A todos los j&#xF3;venes dise&#xF1;adores tipogr&#xE1;ficos
Los remates
Tipograf&#xED;as para particulares
El dise&#xF1;o de un alfabeto
&#xBF;C&#xF3;mo ve el hombre?
La caligraf&#xED;a
</subfield>
  </datafield>
  <datafield tag="519" ind1=" " ind2=" ">
    <subfield code="a">Educaci&#xF3;n Mixta /  
</subfield>
    <subfield code="b">Dise&#xF1;o Gr&#xE1;fico / </subfield>
    <subfield code="c">Dise&#xF1;o de Portadas (P03-3) / </subfield>
    <subfield code="d">(03 006601)</subfield>
  </datafield>
  <datafield tag="519" ind1=" " ind2=" ">
    <subfield code="a">Plan Flexible /
</subfield>
    <subfield code="b">Dise&#xF1;o Gr&#xE1;fico / </subfield>
    <subfield code="c">Dise&#xF1;o de Alfabetos (P03-3) /  </subfield>
    <subfield code="d">(03 007123)</subfield>
  </datafield>
  <datafield tag="650" ind1="1" ind2="0">
    <subfield code="a">IMPRENTA</subfield>
    <subfield code="x">HISTORIA</subfield>
  </datafield>
  <datafield tag="650" ind1="2" ind2="0">
    <subfield code="a">DISE&#xD1;O GR&#xC1;FICO (TIPOGRAF&#xCD;A)</subfield>
  </datafield>
  <datafield tag="650" ind1="3" ind2="0">
    <subfield code="a">CAR&#xC1;CTERES TIPOGR&#xC1;FICOS </subfield>
  </datafield>
  <datafield tag="700" ind1=" " ind2=" ">
    <subfield code="a">Chamorro, Joaqu&#xED;n </subfield>
    <subfield code="e">traductor</subfield>
  </datafield>
  <datafield tag="942" ind1=" " ind2=" ">
    <subfield code="c">LB</subfield>
  </datafield>
</record>
